000 00670nam a2200205Ia 4500
005 20260629163254.0
008 260629s9999||||xx |||||||||||||| ||und||
020 _a0691019436
_qpbk
020 _a9780691019437
_qpbk
082 _a954.03
_bCHA
100 _aChatterjee, Partha
245 4 _aThe nation and its fragments : colonial and postcolonial histories
260 _aNew Jersey
_bPrinceton University Press
_c1993
300 _axiii, 282p. ; 23cm.
653 _aIndia--History--20th century
653 _aIndia--History--British occupation, 1765-1947
653 _aNationalism--India--Bengal--History
653 _aNationalism--India--History
942 _cBK
999 _c57300
_d57300